| 000 | 01135nam a2200301 i 4500 | ||
|---|---|---|---|
| 003 | IT-RoINE | ||
| 005 | 20230417140601.0 | ||
| 008 | 050201s2004 sp |r 001|| spa|d | ||
| 020 | _a8431321709 | ||
| 040 |
_aSpMaUCDE _dIT-RoINE _cIT-RoINE |
||
| 100 | 1 |
_aVázquez de Prada, Valentín _914071 |
|
| 245 | 1 | 0 |
_aFelipe II y Francia (1559-1598) : _bpolítica, religión y razón de Estado / _cValentín Vázquez de Prada ; [préface de Pierre Chaunu] |
| 260 |
_aPamplona : _bEUNSA, _c2004. |
||
| 300 |
_aXXII, 517 p. ; _c24 cm. |
||
| 336 |
_2rdacontent _atext |
||
| 337 |
_2rdamedia _aunmediated |
||
| 338 |
_2rdacarrier _avolume |
||
| 490 | 1 | _aColección histórica | |
| 500 | _aIncluye índice. | ||
| 504 | _aIncluye bibliografía. | ||
| 600 | 0 | 0 |
_aFelipe _bII, _cRey de España, _d1527-1598 _99965 |
| 651 | 4 |
_aEspaña _xHistoria _y1556-1598 (Felipe II) _97549 |
|
| 651 | 4 |
_aEspaña _xRelaciones _zFrancia _ySiglo 16o. _914072 |
|
| 651 | 4 |
_aFrancia _xRelaciones _zEspaña _ySiglo 16o. _914073 |
|
| 651 | 4 |
_99971 _aEspaña _xPolítica y gobierno _y1556-1598 |
|
| 830 | 0 |
_aColección histórica (Universidad de Navarra) _913605 |
|
| 942 | _cMTS | ||
| 999 |
_c6497 _d6497 |
||